<?xml version="1.0" encoding="UTF-8"?>
<collection xmlns="http://www.loc.gov/MARC21/slim">
  <record>
    <leader>00000nam  2200000   4500</leader>
    <controlfield tag="001">INLIS000000000001426</controlfield>
    <controlfield tag="005">20190614101417</controlfield>
    <datafield tag="035" ind1="#" ind2="#">
      <subfield code="a">0010-0718001426</subfield>
    </datafield>
    <controlfield tag="008">190614################g##########0#ind##</controlfield>
    <datafield tag="020" ind1="#" ind2="#">
      <subfield code="a">9789797098841</subfield>
    </datafield>
    <datafield tag="041" ind1=" " ind2=" ">
      <subfield code="a">id</subfield>
    </datafield>
    <datafield tag="082" ind1="#" ind2="#">
      <subfield code="a">658.152.</subfield>
    </datafield>
    <datafield tag="090" ind1=" " ind2=" ">
      <subfield code="a">658.152.Mus.m</subfield>
    </datafield>
    <datafield tag="100" ind1=" " ind2="#">
      <subfield code="a">Mustofa</subfield>
    </datafield>
    <datafield tag="245" ind1="1" ind2="#">
      <subfield code="a">Manajemen Modern Kantor Akuntan /</subfield>
      <subfield code="c">Mustofa</subfield>
    </datafield>
    <datafield tag="260" ind1="#" ind2="#">
      <subfield code="a">Jakarta :</subfield>
      <subfield code="b">Kompas Media,</subfield>
      <subfield code="c">2014</subfield>
    </datafield>
    <datafield tag="300" ind1="#" ind2="#">
      <subfield code="a">xxxix, hlm 448 :</subfield>
      <subfield code="b">ilus ;</subfield>
      <subfield code="c">23 cm</subfield>
    </datafield>
    <datafield tag="650" ind1=" " ind2="#">
      <subfield code="a">Manajemen</subfield>
    </datafield>
    <datafield tag="084" ind1="#" ind2="#">
      <subfield code="a">658.152. Mus m</subfield>
    </datafield>
    <datafield tag="250" ind1="#" ind2="#">
      <subfield code="a">Edisi Baru</subfield>
    </datafield>
    <datafield tag="520" ind1="#" ind2="#">
      <subfield code="a">Buku ini mengulas betapa istimewanya profesi akuntan. Memaparkan bagaimana merintis jalan menjadi seorang akuntan, membangun kantor, menata manajemen, membesarkan perusahaan, hingga menjaga etika profesi dan belajar dari kasus-kasus yang terjadi di dunia akuntansi. Berbagai solusi untuk mengatasi berbagai tantangan, dan bagaimana mempersiapkan suksesi sebuah kantor akuntan diurainkan dalam buku ini. Menjadi acuan bagi para akuntan yang ingin berhasil membangun kantor akuntan. Buku ini berbagi keberhasilan mulai dari mendirikan kantor akuntan kecil hingga berpartner dengan "The Big Five", dan berhasil mewariskan perusahaan yang dibangunnya bersama partner. Bacaan wajib bagi praktisi akuntan dan mahasiswa jurusan akuntansi untuk mengetahui betapa menariknya tantangan menjadi seorang akuntan.</subfield>
    </datafield>
    <datafield tag="856" ind1="#" ind2="#">
      <subfield code="a">Perpustakaan Lembaga Administrasi Negara</subfield>
    </datafield>
    <datafield tag="990" ind1="#" ind2="#">
      <subfield code="a">18397</subfield>
    </datafield>
    <datafield tag="990" ind1="#" ind2="#">
      <subfield code="a">18396</subfield>
    </datafield>
    <datafield tag="990" ind1="#" ind2="#">
      <subfield code="a">160618397</subfield>
    </datafield>
    <datafield tag="990" ind1="#" ind2="#">
      <subfield code="a">18396</subfield>
    </datafield>
    <datafield tag="990" ind1="#" ind2="#">
      <subfield code="a">160618396</subfield>
    </datafield>
    <datafield tag="990" ind1="#" ind2="#">
      <subfield code="a">160618397</subfield>
    </datafield>
  </record>
</collection>
